000 00350pam a2200157a 44500
008 230515b1913 xxu||||| |||| 00| 0 eng d
020 _aNULL
041 _aMARATHI
082 _a1
100 _aPADHE
245 _aSART SHRICARAK SAMHITA-8
250 _a1
260 _aSANGAI
_bN.D.
_c1913
300 _a100
650 _aSART SHRICARAK SAMHITA-8
999 _c497010
_d497010